• 首页
  • 本馆介绍
  • 公告通知
  • 最新文献
  • 馆藏检索
  • 电子资源
  • 读者导购
  • 参考咨询
  • 我的图书馆
  • 登录
  • 详细信息显示
  • 放入我的书架
  • 预约/预借图书
  • 作者相关作品
  • 分类相关作品
  • 丛书相关作品
  • 出版社相关作品

书目信息

  • 表格格式
  • 工作单格式
  • 卡片格式
题名:
细胞周期调控原理
    
 
作者: 摩尔根 著 ;李朝军 译
分册:  
出版信息: 北京   科学出版社  2010
页数: 16,318页
开本: 29cm
丛书名:
单 册:
中图分类: Q2
科图分类:
主题词: 细胞生物学
电子资源:
ISBN: 978-7-03-026962-1
000 01089nam0 2200265 45
001 1132148812
005 20110315110537.50
010    @a978-7-03-026962-1@dCNY75.00
100    @a20110122d2010 em y0chiy50 ea
101 1  @achi@ceng
102    @aCN@b110000
105    @aa z 001yy
106    @ar
200 1  @a细胞周期调控原理@AXi Bao Zhou Qi Diao Kong Yuan Li@dThe cell cycle: principles of control@f(英)D. O. 摩尔根(David O. Morgan)著@F( Ying )D. O. Mo Er Gen (David O. Morgan) Zhu@g李朝军[等]译@zeng
210    @a北京@c科学出版社@d2010
215    @a16,318页@c图@d29cm@e附光盘1片
307    @a附光盘:ISBN 978-7-89445-038-8
330    @a本书共十二章,内容包括:细胞周期概述、模式生物、细胞周期调控系统、染色体复制、有丝分裂过程、胞质分裂、减数分裂、细胞增殖和生长的调控,以及DNA损伤反应和肿瘤的细胞周期。
510 1  @aCell cycle: principles of control@zeng
606 0  @a细胞生物学
690    @aQ2@v4
701  1 @a摩尔根@AMo Er Gen@g(Morgan, David O.)@4著
702  0 @a李朝军@ALi Chao Jun@f(1966~)@4译
801  0 @aCN@bTANGWEI@c20110315
905    @b0533180-83@dQ2@e35@f4
    
    细胞周期调控原理=The cell cycle: principles of control/(英)D. O. 摩尔根(David O. Morgan)著/李朝军[等]译.-北京:科学出版社,2010
    16,318页:图;29cm+附光盘1片
    
    
    ISBN 978-7-03-026962-1:CNY75.00
    本书共十二章,内容包括:细胞周期概述、模式生物、细胞周期调控系统、染色体复制、有丝分裂过程、胞质分裂、减数分裂、细胞增殖和生长的调控,以及DNA损伤反应和肿瘤的细胞周期。
●
相关链接 在E读中查询图书 在五车中查询图书 在当当中查询图书 在豆瓣中查询图书


正题名:细胞周期调控原理     索取号:Q2/35         预约/预借

序号 登录号 条形码 馆藏地/架位号 状态 备注
1 0533180   205331808   第二样本阅览室/ [索取号:Q2/35] 在馆    
2 0533181   205331817   第三借阅区/ [索取号:Q2/35] 在馆    
3 0533182   205331826   第三借阅区/ [索取号:Q2/35] 在馆    
4 0533183   205331835   第三借阅区/ [索取号:Q2/35] 在馆    
唐山师范学院图书馆 欢迎您!
大连网信软件有限公司© 版权所有